000 00391nam a22001577a 4500
003 MPLRDC
005 20220104123616.0
008 210129b ||||| |||| 00| 0 eng d
082 _a220.7 LSY
100 _a庐胜彦
245 _a神奇的锦囊: 生命的哲学与灵魂奥妙
_c
260 _a
_b青山出版社
_c
300 _b
650 _a佛教杂论
942 _cBK
_o220.7 LSY
999 _c12766
_d12756